000 00709cam a22002651 4500
001 sa 68003966
003 DLC
005 20260227112458.0
008 900102s1966 pk d 000 0 urdr
010 _asa 68003966
035 _a(OCoLC)20838875
040 _aDLC
_cWaU
_dDLC
041 0 _aurdeng
042 _apremarc
050 0 0 _aR121
_b.G48
100 0 _aGhulam Nabi,
_d1915-
245 1 0 _aLug̲h̲āt-i ṭịbb.
260 _c[1966]
300 _a8, 508 p.
_c25 cm.
500 _aCover title: A dictionary of medical terms.
500 _aEnglish and Urdu.
650 0 _aMedicine
_vDictionaries.
650 0 _aEnglish language
_xDictionaries
_xUrdu.
740 0 _aDictionary of medical terms.
999 _c79881
_d79881